00282nam a22001097a 450000500170000000800410001702000150005810000140007324500350008726000390012230000110016120250521121358.0250429b |||||||| |||| 00| 0 eng d a8189411896 aBagad, V. aManagement Information Systems aPunebTechnical Publicationsc2006 a318pp.